Southville International School and Colleges
Your cart is empty.
  • Cart
  • Lists
    Public lists Eva Luna New books Lux_list list_1
    Your lists Log in to create your own lists
  • Log in to your account
  • Your cookies
  • Search history
Southville International School and Colleges
  • Advanced search
  • Recent comments
  • Most popular
  • Libraries

Log in to your account

Log in with GOOGLE


If you do not have an external account, but do have a local account, you can still log in:

  1. Home
  2. MARC view: Landmarks and civilization /
Normal view MARC view ISBD view

Landmarks and civilization / (Record no. 292403)

[ view plain ]
MARC details
000 -LEADER
fixed length control field 00840nam a2200253Ia 4500
008 - FIXED-LENGTH DATA ELEMENTS--GENERAL INFORMATION
fixed length control field 160319s9999 xx 000 0 und d
245 ## - TITLE STATEMENT
Title Landmarks and civilization /
245 ## - TITLE STATEMENT
Statement of responsibility, etc Discovery Channel ; Discovery Channel Education.
260 ## - PUBLICATION, DISTRIBUTION, ETC. (IMPRINT)
Place of publication, distribution, etc Quezon City :
260 ## - PUBLICATION, DISTRIBUTION, ETC. (IMPRINT)
Name of publisher, distributor, etc Distributed by MagnaVision Inc.,
260 ## - PUBLICATION, DISTRIBUTION, ETC. (IMPRINT)
Date of publication, distribution, etc 2005
300 ## - PHYSICAL DESCRIPTION
Extent 1 DVD-video (approximately 25 min.) :
300 ## - PHYSICAL DESCRIPTION
Other physical details digital, sound, color ;
300 ## - PHYSICAL DESCRIPTION
Dimensions 4 3/4 in.
440 ## - SERIES STATEMENT/ADDED ENTRY--TITLE
Title Discovery Channel School. Social science.
500 ## - GENERAL NOTE
General note Social Studies : Grade Level 3-6.
650 ## - SUBJECT ADDED ENTRY--TOPICAL TERM
Topical term or geographic name as entry element Architecture and society.
650 ## - SUBJECT ADDED ENTRY--TOPICAL TERM
Topical term or geographic name as entry element Great Wall of China (China)
650 ## - SUBJECT ADDED ENTRY--TOPICAL TERM
Topical term or geographic name as entry element Pueblo Indians.
700 ## - ADDED ENTRY--PERSONAL NAME
Personal name De Leon Edward., author.
700 ## - ADDED ENTRY--PERSONAL NAME
Personal name Discovery Channel Education (Firm)
700 ## - ADDED ENTRY--PERSONAL NAME
Personal name Holt, Helen Devitt., author.
700 ## - ADDED ENTRY--PERSONAL NAME
Personal name MagnaVision Inc.
Holdings
Withdrawn status Lost status Damaged status Home library Current library Date acquired Total Checkouts Barcode Date last seen Price effective from Koha item type
      Stonyhurst Southville International School (Batangas) Stonyhurst Southville International School (Batangas) 03/19/2016   AV-006 03/19/2016 03/19/2016 Audio Visual Materials

Landmarks and civilization /

APA

De Leon Edward, Discovery Channel Education (Firm), Holt H. D. a. & MagnaVision Inc.Landmarks and civilization. Quezon City: .

Chicago

De Leon Edward, Discovery Channel Education (Firm), Holt Helen Devitt author and MagnaVision Inc.Landmarks and civilization. Quezon City: .

Harvard

De Leon Edward, Discovery Channel Education (Firm), Holt H. D. a. and MagnaVision Inc.Landmarks and civilization. Quezon City: .

MLA

De Leon Edward, Discovery Channel Education (Firm), Holt Helen Devitt author and MagnaVision Inc.Quezon City: . .

  • Place hold
  • Print
  • Cite
  • Add to your cart (remove)
  • Save record
    BIBTEX Dublin Core MARCXML MARC (non-Unicode/MARC-8) MARC (Unicode/UTF-8) MARC (Unicode/UTF-8, Standard) MODS (XML) RIS
  • More searches
    Search for this title in:
    Other Libraries (WorldCat) Other Databases (Google Scholar) Online Stores (Bookfinder.com) Open Library (openlibrary.org)

Exporting to Dublin Core...

SOUTHVILLE LIBRARY

Southville International School and Colleges Library

1281 Tropical Ave. Cor. Luxembourg St., BF Homes International, Las Pinas City

Tel. No. 8256374 / 252358 Loc. 117/146

Powered by Koha